[Event "NOR-chT Clubs"]
[Site "Drammen"]
[Date "2022.05.26"]
[Round "3"]
[White "Haug, Havard"]
[Black "Forsaa, Elise"]
[Result "1-0"]
[WhiteElo "2055"]
[BlackElo "1847"]
[PlyCount "95"]
[EventDate "2022.05.26"]
[EventType "team-swiss"]
[EventRounds "6"]
[EventCountry "NOR"]
[SourceTitle "EXT 2024"]
[Source "ChessBase"]
[SourceDate "2023.10.10"]
[SourceVersion "1"]
[SourceVersionDate "2023.10.10"]
[SourceQuality "1"]
[WhiteTeam "Oslo SS II"]
[BlackTeam "Tromsoe"]
[WhiteTeamCountry "NOR"]
[BlackTeamCountry "NOR"]

1. e4 c5 2. c3 d5 3. exd5 Qxd5 4. d4 Nf6 5. Nf3 e6 6. Na3 Nc6 7. Be2 cxd4 8. Nb5 Qd7 9. Nbxd4 Nd5 10. Nxc6 bxc6 11. 0-0 Bd6 12. c4 Nf4 13. Be3 c5 14. Re1 0-0 15. Ng5 Qc7 16. Bf3 Rb8 17. Ne4 Be7 18. Qc2 Bb7 19. Rad1 Rfd8 20. Rxd8+ Rxd8 21. Rd1 Rxd1+ 22. Qxd1 Ng6 23. Qa4 Bc6 24. Nf6+ Bxf6 25. Qxc6 Qxc6 26. Bxc6 Be7 27. Kf1 Kf8 28. Ke2 Bd6 29. g3 Ke7 30. b4 cxb4 31. Bxa7 Kd8 32. Bb6+ Kc8 33. Be8 Ne5 34. c5 Bc7 35. f4 Bxb6 36. cxb6 Nc4 37. Bxf7 Nxb6 38. Bxe6+ Kc7 39. Kd3 Kd6 40. Bg8 h6 41. Kd4 g5 42. f5 g4 43. Bb3 Nd7 44. Kc4 Ke5 45. Kxb4 Kxf5 46. a4 Ke4 47. Be6 Ne5 48. Kb5 1-0

[Event "NOR-chT 1617"]
[Site "Norway"]
[Date "2016.10.29"]
[Round "2.3"]
[White "Forsaa, Elise"]
[Black "Kaasen, Tor Fredrik"]
[Result "1-0"]
[WhiteElo "2322"]
[BlackElo "1943"]
[PlyCount "77"]
[EventDate "2016.10.28"]
[EventType "team-tourn"]
[EventRounds "9"]
[EventCountry "NOR"]
[SourceTitle "EXT 2018"]
[Source "ChessBase"]
[SourceDate "2017.10.13"]
[SourceVersion "1"]
[SourceVersionDate "2017.10.13"]
[SourceQuality "1"]
[WhiteTeam "Stavanger"]
[BlackTeam "Tromsoe"]
[WhiteTeamCountry "NOR"]
[BlackTeamCountry "NOR"]

1. Nf3 Nf6 2. c4 g6 3. b4 Bg7 4. Bb2 0-0 5. g3 c6 6. Bg2 d5 7. cxd5 cxd5 8. 0-0 Bg4 9. d3 Qb6 10. a3 Bxf3 11. Bxf3 a5 12. Nd2 axb4 13. axb4 Nc6 14. Rb1 Nd4 15. Bg2 e6 16. e3 Nb5 17. Qb3 Rfc8 18. Rfc1 Ne8 19. Bxg7 Rxc1+ 20. Rxc1 Nxg7 21. Qb2 Nf5 22. e4 Nfd4 23. Nf1 dxe4 24. dxe4 Ra3 25. Ne3 Rb3 26. Rc8+ Kg7 27. Qd2 Qd6 28. Nf1 Rb1 29. Qg5 Rxb4 30. e5 Ne2+ 31. Kh1 Qd7 32. Rd8 Qc7 33. h4 Rd4 34. Qf6+ Kh6 35. Qg5+ Kg7 36. Qf6+ Kh6 37. Rg8 Qc1 38. Qg7+ Kh5 39. Bf3+ 1-0

[Event "NOR-ch U26"]
[Site "Bergen"]
[Date "2015.11.??"]
[Round "5"]
[White "Forsaa, Elise"]
[Black "Satre, Mathias"]
[Result "1-0"]
[WhiteElo "1836"]
[BlackElo "1915"]
[PlyCount "47"]
[EventDate "2015.11.13"]
[EventType "swiss"]
[EventRounds "6"]
[EventCountry "NOR"]
[SourceTitle "EXT 2024"]
[Source "ChessBase"]
[SourceDate "2023.10.10"]
[SourceVersion "1"]
[SourceVersionDate "2023.10.10"]
[SourceQuality "1"]

1. e4 e6 2. d4 d5 3. Nc3 Bb4 4. e5 c5 5. a3 Bxc3+ 6. bxc3 Ne7 7. f4 Nbc6 8. Nf3 Bd7 9. Qd2 Qa5 10. Bd3 h6 11. 0-0 0-0-0 12. a4 Nf5 13. Ba3 cxd4 14. Bb4 Qb6 15. a5 dxc3+ 16. axb6 cxd2 17. bxa7 Nxa7 18. Bxf5 Bb5 19. Bd3 Bxd3 20. cxd3 Nc6 21. Bc5 f6 22. d4 f5 23. Rfb1 Rhg8 24. Nxd2 1-0

[Event "NOR-ch U20 Girls"]
[Site "Sandnes"]
[Date "2015.02.14"]
[Round "4"]
[White "Forsaa, Elise"]
[Black "Haugsvaer, Lisbeth"]
[Result "1-0"]
[WhiteElo "1865"]
[BlackElo "1440"]
[PlyCount "59"]
[EventDate "2015.02.13"]
[EventType "swiss"]
[EventRounds "6"]
[EventCountry "NOR"]
[SourceTitle "EXT 2017"]
[Source "ChessBase"]
[SourceDate "2016.10.25"]
[SourceVersion "1"]
[SourceVersionDate "2016.10.25"]
[SourceQuality "1"]

1. e4 e5 2. Bc4 Bc5 3. Nf3 Nc6 4. c3 Nf6 5. d3 0-0 6. Nbd2 d6 7. h3 a6 8. Bb3 Be6 9. Bc2 h6 10. Nf1 Ne7 11. Ng3 Ba7 12. 0-0 Ng6 13. Kh2 Nh7 14. Bd2 Nh4 15. Nxh4 Qxh4 16. f4 exf4 17. Rxf4 Qe7 18. Qe2 Nf6 19. Nf5 Bxf5 20. Rxf5 Kh7 21. Raf1 Ng8 22. Qf3 Rac8 23. d4 Kh8 24. Rxf7 Rxf7 25. Qxf7 Bb8 26. Qf5 Re8 27. e5 g5 28. Qg6 dxe5 29. Rf7 c6 30. Qh7# 1-0

[Event "Sunningdale e2e4 op 04"]
[Site "Ascot"]
[Date "2014.04.21"]
[Round "9"]
[White "Forsaa, Elise"]
[Black "Mason, Donald"]
[Result "1/2-1/2"]
[WhiteElo "1846"]
[BlackElo "2212"]
[PlyCount "104"]
[EventDate "2014.04.17"]
[EventType "swiss"]
[EventRounds "9"]
[EventCountry "ENG"]
[SourceTitle "CBM 159 Extra"]
[Source "ChessBase"]
[SourceDate "2014.04.24"]
[SourceVersion "1"]
[SourceVersionDate "2014.04.24"]
[SourceQuality "1"]

1. e4 e6 2. d4 d5 3. Nc3 Bb4 4. e5 c5 5. a3 Bxc3+ 6. bxc3 Ne7 7. f4 Nf5 8. Nf3 Nc6 9. Bb5 Qa5 10. Bxc6+ bxc6 11. Qd2 h5 12. 0-0 Ba6 13. Rd1 h4 14. a4 Rb8 15. Ba3 cxd4 16. cxd4 Qxd2 17. Rxd2 Ne3 18. Bc5 Rb7 19. Kf2 Ng4+ 20. Kg1 h3 21. gxh3 Rxh3 22. Kg2 Rh5 23. Kg3 Ne3 24. Rf2 Kd7 25. Ra3 Nf5+ 26. Kg2 Bc4 27. Nd2 a6 28. a5 Bb5 29. Rb3 Rb8 30. h3 Rbh8 31. Kh2 g5 32. fxg5 Rxg5 33. Rg2 Rhg8 34. Rf2 Rg1 35. Rbf3 Rc1 36. Nb3 Rd1 37. Rg2 Rxg2+ 38. Kxg2 Nh4+ 39. Kg3 Nxf3 40. Kxf3 Rh1 41. Kg2 Rb1 42. Ba3 Be2 43. Nc5+ Kc8 44. Kf2 Bd1 45. c3 Ra1 46. Bb4 Ra2+ 47. Kg3 Be2 48. h4 Ra1 49. Kf2 Bc4 50. Kg2 Rf1 51. Na4 Rf5 52. Kg3 Kd8 1/2-1/2

[Event "Sunningdale e2e4 op 04"]
[Site "Ascot"]
[Date "2014.04.19"]
[Round "4"]
[White "Longson, Sarah N"]
[Black "Forsaa, Elise"]
[Result "1-0"]
[WhiteElo "2094"]
[BlackElo "1846"]
[PlyCount "103"]
[EventDate "2014.04.17"]
[EventType "swiss"]
[EventRounds "9"]
[EventCountry "ENG"]
[SourceTitle "CBM 159 Extra"]
[Source "ChessBase"]
[SourceDate "2014.04.24"]
[SourceVersion "1"]
[SourceVersionDate "2014.04.24"]
[SourceQuality "1"]

1. e4 c5 2. Nf3 e6 3. d4 cxd4 4. Nxd4 a6 5. Nc3 b5 6. Bd3 Bb7 7. 0-0 Qc7 8. a4 b4 9. Na2 Nf6 10. Qe2 Be7 11. Bd2 Nc6 12. Nxc6 Qxc6 13. Rfe1 Qb6 14. c3 bxc3 15. Nxc3 d6 16. a5 Qd8 17. Na4 Nd7 18. Be3 0-0 19. Rec1 Qb8 20. Rc2 Rc8 21. Rac1 Kf8 22. h3 h6 23. Qd2 Bd8 24. Qb4 Ke7 25. f4 Rxc2 26. Rxc2 Bc8 27. Qc3 f6 28. b4 Qb7 29. Qd4 Rb8 30. Bd2 g5 31. Qf2 Nf8 32. Bc3 Kf7 33. Qf3 Bd7 34. Nb2 Bb5 35. Qh5+ Kg7 36. fxg5 hxg5 37. Qxg5+ Kf7 38. Qh5+ Ke7 39. Bxb5 Qxb5 40. Bxf6+ Kxf6 41. Rf2+ Kg7 42. Qf7+ Kh6 43. Qxf8+ Kg6 44. Qf7+ Kg5 45. Qxe6 Qxb4 46. h4+ Kxh4 47. Qh3+ Kg5 48. Rf5+ Kg6 49. Qg4+ Bg5 50. Qxg5+ Kh7 51. Rf7+ Kh8 52. Qg7# 1-0

[Event "Sunningdale e2e4 op 04"]
[Site "Ascot"]
[Date "2014.04.18"]
[Round "2"]
[White "Melkevik, Johannes"]
[Black "Forsaa, Elise"]
[Result "1/2-1/2"]
[WhiteElo "2041"]
[BlackElo "1846"]
[PlyCount "59"]
[EventDate "2014.04.17"]
[EventType "swiss"]
[EventRounds "9"]
[EventCountry "ENG"]
[SourceTitle "CBM 159 Extra"]
[Source "ChessBase"]
[SourceDate "2014.04.24"]
[SourceVersion "1"]
[SourceVersionDate "2014.04.24"]
[SourceQuality "1"]

1. e4 c5 2. Nf3 e6 3. Nc3 a6 4. d4 cxd4 5. Nxd4 b5 6. Bd3 Bb7 7. 0-0 d6 8. a4 b4 9. Na2 Nf6 10. Qe2 Be7 11. c3 bxc3 12. Nxc3 Nbd7 13. f3 0-0 14. Be3 Ne5 15. a5 Re8 16. Nb3 d5 17. Bb6 Qb8 18. Rfd1 Bd6 19. g3 Bb4 20. Nc5 Nfd7 21. N3a4 Nxb6 22. axb6 Bxc5+ 23. Nxc5 Nxd3 24. Rxd3 dxe4 25. fxe4 Bc6 26. b7 Bxb7 27. Rb3 Qa7 28. Qf2 Rab8 29. Nd7 Ra8 30. Nc5 1/2-1/2

[Event "Sunningdale e2e4 op 04"]
[Site "Ascot"]
[Date "2014.04.17"]
[Round "1"]
[White "Forsaa, Elise"]
[Black "Purdon, Colin"]
[Result "0-1"]
[WhiteElo "1846"]
[BlackElo "2148"]
[PlyCount "84"]
[EventDate "2014.04.17"]
[EventType "swiss"]
[EventRounds "9"]
[EventCountry "ENG"]
[SourceTitle "CBM 159 Extra"]
[Source "ChessBase"]
[SourceDate "2014.04.24"]
[SourceVersion "1"]
[SourceVersionDate "2014.04.24"]
[SourceQuality "1"]

1. e4 e6 2. d4 d5 3. Nc3 Bb4 4. e5 c5 5. a3 Bxc3+ 6. bxc3 Ne7 7. f4 0-0 8. Nf3 c4 9. Be2 Nbc6 10. 0-0 Bd7 11. Qe1 f6 12. Kh1 Ng6 13. Qg3 Nce7 14. h4 Qe8 15. h5 Nh8 16. Qh3 f5 17. Rg1 Nf7 18. Nh2 Nh6 19. Bd2 Kh8 20. Be1 Ba4 21. Ra2 Qf7 22. Bh4 Rae8 23. Bg5 Bd7 24. Raa1 Neg8 25. Raf1 b5 26. g4 fxg4 27. Bxg4 Nxg4 28. Qxg4 Qf5 29. Qg3 Rf7 30. Qf3 Qe4 31. Qxe4 dxe4 32. Ng4 h6 33. Bh4 Rf5 34. Kg2 Rxh5 35. Kg3 g5 36. fxg5 hxg5 37. Bxg5 Rxg5 38. Rf7 Rxg4+ 39. Kxg4 Nh6+ 40. Kh5 Nxf7 41. Rf1 Rf8 42. Kg6 Nxe5+ 0-1

[Event "Skopje Karposh op"]
[Site "Skopje"]
[Date "2014.04.02"]
[Round "6"]
[White "Forsaa, Elise"]
[Black "Papp, Petra"]
[Result "0-1"]
[WhiteElo "1830"]
[BlackElo "2302"]
[PlyCount "102"]
[EventDate "2014.03.29"]
[EventType "swiss"]
[EventRounds "9"]
[EventCountry "MKD"]
[SourceTitle "CBM 159 Extra"]
[Source "ChessBase"]
[SourceDate "2014.04.24"]
[SourceVersion "1"]
[SourceVersionDate "2014.04.24"]
[SourceQuality "1"]

1. e4 c5 2. d3 Nc6 3. f4 g6 4. Nf3 Bg7 5. Be2 e6 6. 0-0 Nge7 7. Nbd2 0-0 8. c3 d5 9. Qe1 b5 10. Qh4 c4 11. Kh1 cxd3 12. Bxd3 dxe4 13. Bxe4 Nd5 14. a4 b4 15. cxb4 Qxh4 16. Nxh4 Ncxb4 17. Nb3 Ba6 18. Rd1 Rac8 19. Nf3 Nc2 20. Rb1 Nf6 21. Bxc2 Rxc2 22. Nbd4 Rcc8 23. Bd2 Ng4 24. Kg1 Rc4 25. Nb3 Rb8 26. Na5 Rxa4 27. h3 Nf6 28. b3 Re4 29. Nc6 Ra8 30. Ra1 Be2 31. Rdc1 Bxf3 32. gxf3 Re2 33. Bc3 Nd5 34. Be5 a6 35. b4 f6 36. Bd6 Rb2 37. Re1 Kf7 38. Ra5 Bh6 39. Re4 Nc3 40. Rc4 Ne2+ 41. Kf1 Ng3+ 42. Ke1 Nf5 43. Bc5 g5 44. Ba7 gxf4 45. Rxa6 Ne3 46. Rc3 Bg5 47. Bxe3 Rxa6 48. Bc1 Rh2 49. Na5 Rd6 50. Rc7+ Kg6 51. b5 Bh4+ 0-1

[Event "Reykjavik op"]
[Site "Reykjavik"]
[Date "2014.03.08"]
[Round "6"]
[White "Forsaa, Elise"]
[Black "Sigurvaldason, Hjalmar"]
[Result "1-0"]
[WhiteElo "1830"]
[BlackElo "1512"]
[PlyCount "117"]
[EventDate "2014.03.04"]
[EventType "swiss"]
[EventRounds "10"]
[EventCountry "ISL"]
[SourceTitle "CBM 159 Extra"]
[Source "ChessBase"]
[SourceDate "2014.04.24"]
[SourceVersion "1"]
[SourceVersionDate "2014.04.24"]
[SourceQuality "1"]

1. e4 c5 2. d3 d5 3. exd5 Qxd5 4. Nc3 Qd8 5. g3 Nc6 6. Bg2 Nf6 7. Bf4 a6 8. Nf3 e6 9. Nd2 Be7 10. Nc4 0-0 11. Bxc6 bxc6 12. Qe2 Nd5 13. Bd2 a5 14. Ne4 Qc7 15. 0-0 e5 16. Be3 Nxe3 17. Qxe3 f6 18. Nxc5 Bxc5 19. Qxc5 Be6 20. Rfe1 Bd5 21. Nb6 Rad8 22. Nxd5 Rxd5 23. Qc4 Kh8 24. Rad1 Rfd8 25. Re2 c5 26. Rde1 h6 27. Qc3 Rd4 28. Re3 Qb6 29. Kg2 Qb5 30. Re4 Qb4 31. Qb3 a4 32. Qxb4 cxb4 33. Rxd4 Rxd4 34. Re4 Rxe4 35. dxe4 Kg8 36. Kf3 Kf7 37. Ke3 Ke6 38. Kd3 f5 39. f3 g5 40. h3 h5 41. h4 f4 42. gxf4 gxh4 43. f5+ Kf6 44. Ke2 Kg5 45. Kf2 Kf6 46. c4 bxc3 47. bxc3 Ke7 48. c4 Kd6 49. Kg2 Kc5 50. Kh3 Kxc4 51. f6 Kb4 52. f7 Ka3 53. f8Q+ Kxa2 54. Qe7 a3 55. Qxe5 Kb1 56. f4 a2 57. f5 a1Q 58. Qxa1+ Kxa1 59. f6 1-0

[Event "Reykjavik op"]
[Site "Reykjavik"]
[Date "2014.03.07"]
[Round "5"]
[White "Abrahams, Daniel"]
[Black "Forsaa, Elise"]
[Result "1-0"]
[WhiteElo "2055"]
[BlackElo "1830"]
[PlyCount "73"]
[EventDate "2014.03.04"]
[EventType "swiss"]
[EventRounds "10"]
[EventCountry "ISL"]
[SourceTitle "CBM 159 Extra"]
[Source "ChessBase"]
[SourceDate "2014.04.24"]
[SourceVersion "1"]
[SourceVersionDate "2014.04.24"]
[SourceQuality "1"]

1. e4 c5 2. Nf3 e6 3. Qe2 a6 4. g3 Be7 5. Bg2 Qc7 6. 0-0 d6 7. c3 Nf6 8. d4 b6 9. Bf4 Bb7 10. Nbd2 Nbd7 11. Rfd1 0-0 12. h4 Kh8 13. Nh2 e5 14. Bg5 Ng8 15. Bxe7 Nxe7 16. Nc4 f5 17. dxe5 dxe5 18. Rxd7 Qxd7 19. Nxb6 Qc6 20. Nxa8 Bxa8 21. Rd1 Ng6 22. Nf1 Bb7 23. Ne3 fxe4 24. Nc4 Qf6 25. Nd6 Bc6 26. Nxe4 Bxe4 27. Bxe4 Ne7 28. Rd3 Qe6 29. a3 a5 30. Rf3 Rd8 31. Qb5 Qh3 32. Rd3 Rc8 33. Qxa5 Rf8 34. Qxc5 Qe6 35. b4 Rc8 36. Qa5 Ng6 37. Rd8+ 1-0

[Event "Benidorm op U2300 12th"]
[Site "Benidorm"]
[Date "2013.12.06"]
[Round "9"]
[White "Forsaa, Elise"]
[Black "Parals Marce, Luis"]
[Result "1-0"]
[WhiteElo "1793"]
[BlackElo "1984"]
[PlyCount "27"]
[EventDate "2013.11.29"]
[EventType "swiss"]
[EventRounds "10"]
[EventCountry "ESP"]
[SourceTitle "CBM 157 Extra"]
[Source "ChessBase"]
[SourceDate "2013.12.19"]
[SourceVersion "1"]
[SourceVersionDate "2013.12.19"]
[SourceQuality "1"]

1. e4 c5 2. Nf3 e6 3. d4 cxd4 4. Nxd4 Nc6 5. Be3 Nf6 6. Bd3 a6 7. a4 d5 8. Nd2 e5 9. N4f3 h6 10. exd5 Nxd5 11. Nc4 Nxe3 12. Nxe3 Bg4 13. Nxg4 Bc5 14. 0-0 1-0

[Event "Benidorm op U2300 12th"]
[Site "Benidorm"]
[Date "2013.12.01"]
[Round "4"]
[White "Landa Monux, Josu"]
[Black "Forsaa, Elise"]
[Result "1-0"]
[WhiteElo "2056"]
[BlackElo "1793"]
[PlyCount "71"]
[EventDate "2013.11.29"]
[EventType "swiss"]
[EventRounds "10"]
[EventCountry "ESP"]
[SourceTitle "CBM 157 Extra"]
[Source "ChessBase"]
[SourceDate "2013.12.19"]
[SourceVersion "1"]
[SourceVersionDate "2013.12.19"]
[SourceQuality "1"]

1. d4 d5 2. c4 dxc4 3. Nc3 Nf6 4. Qa4+ Nbd7 5. e4 c6 6. Qxc4 e6 7. Nf3 Be7 8. Be2 0-0 9. 0-0 c5 10. dxc5 Nxc5 11. e5 Nfd7 12. Rd1 Kh8 13. Be3 b6 14. b4 Na6 15. Qc6 Rb8 16. Bxa6 Bxa6 17. Qxd7 Qxd7 18. Rxd7 Bxb4 19. Ne4 Bb7 20. Nd6 Bxd6 21. Rxd6 Bd5 22. Rd7 a5 23. h4 Kg8 24. a4 h6 25. Nd4 Rfc8 26. Nf5 exf5 27. Rxd5 Rc4 28. g3 Kh7 29. Rb5 Rc6 30. Rab1 Rc4 31. Bf4 Rxa4 32. e6 Re8 33. exf7 Rf8 34. Rxf5 Kg6 35. g4 h5 36. Rxb6+ 1-0

[Event "Tromsoe Arctic NGP-A"]
[Site "Tromsoe"]
[Date "2013.08.18"]
[Round "6"]
[White "Forsaa, Elise"]
[Black "Fagerjord, Erlend"]
[Result "1-0"]
[WhiteElo "1821"]
[BlackElo "1803"]
[PlyCount "85"]
[EventDate "2013.08.16"]
[EventType "swiss"]
[EventRounds "7"]
[EventCountry "NOR"]
[SourceTitle "CBM 156 Extra"]
[Source "ChessBase"]
[SourceDate "2013.10.22"]
[SourceVersion "1"]
[SourceVersionDate "2013.10.22"]
[SourceQuality "1"]

1. e4 e6 2. d4 d5 3. Nc3 Nf6 4. e5 Ne4 5. Bd3 c5 6. Bxe4 dxe4 7. dxc5 Qxd1+ 8. Kxd1 Nc6 9. Nxe4 Nxe5 10. Bf4 Ng6 11. Bg3 Bd7 12. f3 e5 13. Ke1 f5 14. Nd6+ Ke7 15. Rd1 Ke6 16. Nxf5 Bxc5 17. Ne2 Rhg8 18. Bf2 Rac8 19. Bxc5 Rxc5 20. Ne3 Bb5 21. Nc3 Ba6 22. Kf2 Rf8 23. Rd2 Rf7 24. Ne4 Rfc7 25. Nxc5+ Rxc5 26. Rhd1 Rc6 27. Rd7 Ne7 28. c3 h5 29. Rd8 g6 30. Nc2 Nf5 31. R8d2 Rb6 32. Ne3 Nd6 33. Nd5 Rc6 34. Nb4 Rb6 35. Nd5 Rc6 36. Nc7+ Kd7 37. Ne8 Kxe8 38. Rxd6 Rxd6 39. Rxd6 Kf7 40. Ke3 Bb5 41. Ke4 Bc6+ 42. Kxe5 a6 43. c4 1-0

[Event "Wch U18 Girls"]
[Site "Maribor"]
[Date "2012.11.16"]
[Round "9.34"]
[White "Perera, Panchali"]
[Black "Forsaa, Elise"]
[Result "1/2-1/2"]
[WhiteElo "1674"]
[BlackElo "1836"]
[PlyCount "100"]
[EventDate "2012.11.08"]
[EventType "swiss"]
[EventRounds "11"]
[EventCountry "SLO"]
[SourceTitle "EXT 2013"]
[Source "ChessBase"]
[SourceDate "2012.11.22"]
[SourceVersion "1"]
[SourceVersionDate "2012.11.22"]
[SourceQuality "1"]

1. e4 c5 2. Nf3 e6 3. d4 cxd4 4. Nxd4 a6 5. Bd3 Nf6 6. Be3 Qc7 7. 0-0 Be7 8. Qf3 b6 9. Qg3 Qxg3 10. hxg3 Bb7 11. f3 d6 12. c4 Nbd7 13. Nb3 Nh5 14. Kf2 Bf6 15. Nc3 Bxc3 16. bxc3 Ke7 17. a4 a5 18. Rfb1 Ba6 19. Nd4 Rhc8 20. Nb5 Nhf6 21. Be2 Rab8 22. Rd1 Bxb5 23. axb5 Nc5 24. Bxc5 Rxc5 25. Rd4 Rd8 26. Rad1 Ne8 27. f4 Nc7 28. Rc1 d5 29. exd5 exd5 30. cxd5 Rdxd5 31. Rxd5 Rxd5 32. c4 Rc5 33. Rd1 Ne8 34. Rd4 Nd6 35. g4 a4 36. Ke3 h5 37. Kf3 a3 38. gxh5 a2 39. Rd1 Nxc4 40. Ra1 Na3 41. Rxa2 Nxb5 42. Rb2 Nd4+ 43. Ke3 Nf5+ 44. Kf2 Rc6 45. g4 Nd4 46. Ke3 Ne6 47. Rb4 Nc5 48. Bc4 Rd6 49. g5 Kf8 50. Rb1 Ke7 1/2-1/2

[Event "Wch U18 Girls"]
[Site "Maribor"]
[Date "2012.11.15"]
[Round "8.25"]
[White "Forsaa, Elise"]
[Black "Ivekovic, Tihana"]
[Result "0-1"]
[WhiteElo "1836"]
[BlackElo "2014"]
[PlyCount "104"]
[EventDate "2012.11.08"]
[EventType "swiss"]
[EventRounds "11"]
[EventCountry "SLO"]
[SourceTitle "EXT 2013"]
[Source "ChessBase"]
[SourceDate "2012.11.22"]
[SourceVersion "1"]
[SourceVersionDate "2012.11.22"]
[SourceQuality "1"]

1. e4 c5 2. Nf3 e6 3. d4 cxd4 4. Nxd4 Nc6 5. Bc4 a6 6. a4 Qc7 7. Ba2 Nf6 8. f3 Bc5 9. c3 0-0 10. Be3 d6 11. 0-0 Rd8 12. Kh1 Ba7 13. Qe2 d5 14. Nxc6 bxc6 15. Bg5 Qe5 16. Bh4 Qh5 17. Bxf6 gxf6 18. Nd2 Kh8 19. Rae1 Bb7 20. f4 Qxe2 21. Rxe2 Bb6 22. Bb1 d4 23. Nf3 dxc3 24. bxc3 a5 25. Rfe1 Ba6 26. Rb2 Bc5 27. e5 f5 28. Ng5 Kg8 29. Ba2 Re8 30. Rd2 h6 31. Nf3 Red8 32. c4 Rxd2 33. Nxd2 Bb4 34. Re2 Rd8 35. Nf1 Rd1 36. Rf2 Rc1 37. h3 Bxc4 38. Bxc4 Rxc4 39. g3 Rc1 40. Kg2 Ra1 41. Rc2 c5 42. Ne3 Rxa4 43. g4 fxg4 44. hxg4 Ra3 45. Kf3 Rb3 46. Ke4 a4 47. Rh2 a3 48. Ra2 Rb2 49. Ra1 a2 50. Nd1 Rd2 51. Ke3 Rxd1 52. Rxd1 Bc3 0-1

[Event "Oslo Elo op"]
[Site "Oslo"]
[Date "2012.09.30"]
[Round "7"]
[White "Amarapala, Sherington"]
[Black "Forsaa, Elise"]
[Result "1/2-1/2"]
[WhiteElo "1710"]
[BlackElo "1851"]
[PlyCount "76"]
[EventDate "2012.09.30"]
[EventType "swiss"]
[EventRounds "9"]
[EventCountry "NOR"]
[SourceTitle "EXT 2013"]
[Source "ChessBase"]
[SourceDate "2012.11.22"]
[SourceVersion "1"]
[SourceVersionDate "2012.11.22"]
[SourceQuality "1"]

1. e4 c5 2. Nf3 e6 3. d4 cxd4 4. Nxd4 a6 5. g3 b5 6. Bg2 Bb7 7. 0-0 Qc7 8. Be3 Nf6 9. Nd2 d6 10. Rc1 Nbd7 11. c4 b4 12. Qc2 Be7 13. Rfd1 0-0 14. h3 Nc5 15. N4b3 Ncd7 16. Nd4 Rac8 17. b3 Nc5 18. Ne2 Ncd7 19. Nd4 Qb8 20. Qb1 Rfd8 21. Nf1 Nc5 22. f3 Rc7 23. Bf2 Nfd7 24. f4 Qa8 25. Nd2 f5 26. Re1 Nf6 27. Nxe6 Nxe6 28. Bb6 Re8 29. Bxc7 Nxc7 30. Re2 fxe4 31. Nxe4 Ne6 32. Nxf6+ Bxf6 33. Bxb7 Qxb7 34. Rce1 Qf3 35. Kh2 Bc3 36. Rxe6 Rxe6 37. Rxe6 Qf2+ 38. Kh1 Qf3+ 1/2-1/2

[Event "Oslo Elo op"]
[Site "Oslo"]
[Date "2012.09.30"]
[Round "4"]
[White "Forsaa, Elise"]
[Black "Yilmaz, Kazim"]
[Result "0-1"]
[WhiteElo "1851"]
[BlackElo "1644"]
[PlyCount "80"]
[EventDate "2012.09.30"]
[EventType "swiss"]
[EventRounds "9"]
[EventCountry "NOR"]
[SourceTitle "EXT 2013"]
[Source "ChessBase"]
[SourceDate "2012.11.22"]
[SourceVersion "1"]
[SourceVersionDate "2012.11.22"]
[SourceQuality "1"]

1. e4 e5 2. Bc4 Nf6 3. d3 Nc6 4. Nf3 Be7 5. c3 d5 6. exd5 Nxd5 7. 0-0 Be6 8. Re1 f6 9. Qe2 Bf7 10. d4 0-0 11. dxe5 fxe5 12. Nxe5 Nxe5 13. Qxe5 Bd6 14. Qg5 Nf6 15. Nd2 Bxc4 16. Nxc4 Re8 17. Be3 Qe7 18. h3 b6 19. Rad1 Qf8 20. Nxd6 cxd6 21. Kf1 Re6 22. c4 Rae8 23. b3 R8e7 24. Qf4 Rf7 25. Qf5 Re5 26. Qd3 Re6 27. Bd4 Rxe1+ 28. Kxe1 Qe8+ 29. Be3 Ne4 30. f3 Nc5 31. Qd2 Re7 32. Kf2 h6 33. Qd5+ Kh8 34. Qd4 Kh7 35. Re1 Qg6 36. Rd1 Qc2+ 37. Rd2 Qf5 38. Qc3 Ne4+ 39. Kf1 Nxc3 40. g4 Qxf3+ 0-1

[Event "Wch U20 Girls 30th"]
[Site "Athens"]
[Date "2012.08.12"]
[Round "10"]
[White "Kalaydina, Regina Veronicka"]
[Black "Forsaa, Elise"]
[Result "0-1"]
[WhiteElo "1928"]
[BlackElo "1836"]
[PlyCount "62"]
[EventDate "2012.08.02"]
[EventType "swiss"]
[EventRounds "13"]
[EventCountry "GRE"]
[SourceTitle "CBM 149 Extra"]
[Source "ChessBase"]
[SourceDate "2012.08.24"]
[SourceVersion "1"]
[SourceVersionDate "2012.08.24"]
[SourceQuality "1"]

1. d4 d5 2. c4 c6 3. Nc3 Nf6 4. e3 e6 5. Nf3 Nbd7 6. Bd3 dxc4 7. Bxc4 b5 8. Bd3 a6 9. 0-0 Bb7 10. Qe2 c5 11. Rd1 cxd4 12. Nxd4 Be7 13. a3 Qc7 14. Bd2 0-0 15. Rac1 Qb6 16. Bb1 Rac8 17. Be1 Rfd8 18. e4 Nc5 19. e5 Nd5 20. Nxd5 Bxd5 21. Rc3 Qb7 22. Rg3 Be4 23. Bxe4 Qxe4 24. Qxe4 Nxe4 25. Re3 Nc5 26. b4 Na4 27. Red3 Nb2 28. Nc6 Nxd1 29. Nxe7+ Kf8 30. Nxc8 Rxd3 31. Kf1 Rxa3 0-1

[Event "Wch U20 Girls 30th"]
[Site "Athens"]
[Date "2012.08.11"]
[Round "9"]
[White "Forsaa, Elise"]
[Black "Chiarion, Elisa"]
[Result "1/2-1/2"]
[WhiteElo "1836"]
[BlackElo "1978"]
[PlyCount "77"]
[EventDate "2012.08.02"]
[EventType "swiss"]
[EventRounds "13"]
[EventCountry "GRE"]
[SourceTitle "CBM 149 Extra"]
[Source "ChessBase"]
[SourceDate "2012.08.24"]
[SourceVersion "1"]
[SourceVersionDate "2012.08.24"]
[SourceQuality "1"]

1. e4 c5 2. Nf3 a6 3. d4 cxd4 4. Nxd4 Nf6 5. Nc3 e5 6. Nb3 Bb4 7. Bd3 d5 8. exd5 e4 9. Be2 Nxd5 10. Bd2 e3 11. fxe3 Bxc3 12. Bxc3 Qh4+ 13. g3 Qe4 14. Bf3 Qxe3+ 15. Qe2 Qxe2+ 16. Kxe2 Nxc3+ 17. bxc3 Nd7 18. Rab1 Rb8 19. Na5 b6 20. Nc6 Rb7 21. Nb4 Rc7 22. Nd5 Rc6 23. Rhe1 Re6+ 24. Kd2 0-0 25. Ne7+ Kh8 26. Rxe6 fxe6 27. Nxc8 Rxc8 28. Bb7 Rd8 29. Bxa6 Nc5+ 30. Bd3 Ne4+ 31. Ke3 Nxc3 32. Rb3 Na4 33. Rb4 Nc3 34. Kd2 Nd5 35. Re4 Rd6 36. Ra4 Kg8 37. Ra8+ Kf7 38. Ra7+ Kf6 39. Ra4 1/2-1/2